Využitie teórie sociálneho kapitálu vo verejnej diplomacii
Príspevok skúma doterajšie poznatky o sociálnom kapitáli, ktoré majú potenciál uplatniteľnosti vo verejnej diplomacii. Verejná diplomacia - politika štátu, ktorej objektom vplyvu sa stala verejnosť. Verejná diplomacia je v súčasnosti neodmysliteľnou súčasťou demokratických štátov, avšak jej význam...
Salvato in:
| Autore principale: | |
|---|---|
| Natura: | Capitolo di libro |
| Lingua: | slovacco |
| Soggetti: | |
| Tags: |
Nessun Tag, puoi essere il primo ad aggiungerne!!
|
MARC
| LEADER | 00000nla a2200000 4500 | ||
|---|---|---|---|
| 001 | 0166791 | ||
| 005 | 20240530093618.1 | ||
| 041 | 0 | |a slo | |
| 044 | |a SK | ||
| 245 | 1 | 0 | |a Využitie teórie sociálneho kapitálu vo verejnej diplomacii |c Laura Meričková |
| 520 | |a Príspevok skúma doterajšie poznatky o sociálnom kapitáli, ktoré majú potenciál uplatniteľnosti vo verejnej diplomacii. Verejná diplomacia - politika štátu, ktorej objektom vplyvu sa stala verejnosť. Verejná diplomacia je v súčasnosti neodmysliteľnou súčasťou demokratických štátov, avšak jej význam si čoraz viac uvedomujú aj autoritatívne štáty napríklad Čína. Autorka poukazuje na to, že sa štát môže snažiť o rozširovanie demokracie iným spôsobom ako priamym rozširovaním svojich hodnôt – a to budovaním sociálneho kapitálu – ktorý by nemal byť v rozpore s etickým princípmi. | ||
| 610 | 2 | 0 | |a štát |
| 610 | 2 | 0 | |a politika |
| 610 | 2 | 0 | |a demokracia |
| 610 | 2 | 0 | |a demokratizácia |
| 610 | 2 | 0 | |a hodnota |
| 610 | 2 | 0 | |a normy spoločenské |
| 610 | 2 | 0 | |a diplomacia |
| 610 | 2 | 0 | |a kapitál sociálny |
| 100 | 1 | |a Meričková, Laura | |